Statistics for Ζώα στα Αγγλικά

Click here to take the quiz!

General Stats

  • This quiz has been taken 310 times
  • The average score is 20 of 22

Answer Stats

ΑγγλικάΕλληνικά% Correct
CatΓάτα
100%
HorseΆλογο
99%
DogΣκύλος
99%
FishΨάρι
98%
ChickenΚότα
96%
CowΑγελάδα
96%
DuckΠάπια
95%
SpiderΑράχνη
95%
SheepΠρόβατο
95%
SharkΚαρχαρίας
94%
MouseΠοντίκι
94%
DolphinΔελφίνι
94%
BirdΠουλί
93%
ParrotΠαπαγάλος
92%
BeeΜέλισσα
91%
FrogΒάτραχος
91%
TurtleΧελώνα
90%
GoatΚατσίκα
87%
FlyΜύγα
80%
SquirrelΣκίουρος
80%
LambΑρνί
74%
PeacockΠαγώνι
58%

Score Distribution

Percentile by Number Answered

Percent of People with Each Score

Your Score History

You have not taken this quiz